000 00446nab a2200145Ia 4500
003 ES-SlBCS
005 20220512165027.0
008 140529s1957 xxu||||| |||| 00| 0 ita d
041 _aita
100 1 _aStella, Vittorio
_959782
245 0 0 _aPersona ed arte nella teoria della formatività
_c Vittorio Stella
650 0 4 _aPersona-Arte
_9199607
773 0 _tGiornali di Metafisica
_gvol. 13, nº. 1, 1957, págs. 74-100
_w0017-0372
942 _cAR
999 _c586819
_d586819